[Event "20th Hoogeveen op"]
[Site "Hoogeveen NED"]
[Date "2016.10.16"]
[Round "2.21"]
[White "Mijnheer, Peter"]
[Black "Okkes, Menno"]
[Result "0-1"]
[WhiteElo "2137"]
[BlackElo "2322"]
[EventDate "2016.10.15"]
[PlyCount "90"]

1.d4 Nf6 2.c4 e6 3.Nc3 Bb4 4.e3 b6 5.Ne2 c5 6.a3 Ba5 7.Rb1 Na6 8.g3 Bb7 9.
d5 b5 10.Bg2 bxc4 11.e4 exd5 12.exd5 O-O 13.O-O d6 14.Bg5 h6 15.Bxf6 Qxf6 
16.Qa4 Bb6 17.Qxc4 Nc7 18.Rfd1 Rae8 19.Ne4 Qd8 20.N2c3 f5 21.Nd2 Qf6 22.
Na4 Re7 23.Nxb6 axb6 24.a4 Ba6 25.Qc3 Qf7 26.Nc4 Bxc4 27.Qxc4 f4 28.Rd2 
Qe8 29.Rdd1 b5 30.axb5 Nxb5 31.Bh3 Nd4 32.Be6+ Kh8 33.Rxd4 cxd4 34.Qxd4 
Rc7 35.b4 Qg6 36.Ra1 fxg3 37.hxg3 Qh5 38.Kg2 Qf3+ 39.Kg1 Rc2 40.Rf1 Qf6 
41.Qb6 Qe5 42.b5 Rb2 43.Kg2 Kh7 44.Kg1 Rf3 45.Kh1 Rxg3 0-1

[Event "20th Hoogeveen op"]
[Site "Hoogeveen NED"]
[Date "2016.10.17"]
[Round "3.13"]
[White "Vedder, Richard"]
[Black "Valdes Romero, Leonardo"]
[Result "1/2-1/2"]
[WhiteElo "2205"]
[BlackElo "2391"]
[EventDate "2016.10.15"]
[PlyCount "135"]

1.e4 e5 2.Nf3 Nf6 3.d4 Nxe4 4.Bd3 d5 5.Nxe5 Nd7 6.Nxd7 Bxd7 7.O-O Bd6 8.
Nc3 Nxc3 9.bxc3 O-O 10.Qh5 f5 11.Bg5 Qe8 12.Qxe8 Raxe8 13.Bd2 c5 14.Rfe1 
Ba4 15.Rxe8 Rxe8 16.Bxf5 g6 17.dxc5 Bxh2+ 18.Kxh2 gxf5 19.Rb1 Re2 20.Be3 
Bc6 21.Rc1 f4 22.Bd4 Kf7 23.g3 Kg6 24.gxf4 Kf5 25.Kg3 h5 26.a3 a6 27.Rh1 
Be8 28.Kf3 Re4 29.Rh4 Re1 30.Rh3 Rg1 31.Be3 Rg4 32.Ke2 Rg1 33.Rh2 Rg7 34.
Kd3 Rg1 35.f3 Rf1 36.Rg2 Ke6 37.Rg5 Bb5+ 38.Kd2 Rxf3 39.Rxh5 Rg3 40.Re5+ 
Kf7 41.Rxd5 Rg2+ 42.Kc1 Ba4 43.Bd2 Rf2 44.c4 Bc6 45.Rd6 Rf3 46.Kb2 Rf2 47.
Kc3 Rf3+ 48.Rd3 Be4 49.Kd4 Bxd3 50.cxd3 Rf2 51.Ke3 Rh2 52.Bb4 Ke6 53.d4 
Kf5 54.d5 Rh4 55.d6 Ke6 56.f5+ Kd7 57.f6 Rh6 58.Bc3 Rh3+ 59.Kd2 Ke6 60.Kc2
Rh5 61.Bd4 Rh4 62.Kc3 Rf4 63.Kd3 Rf1 64.Bc3 Rf3+ 65.Kc2 Rf5 66.Bd4 Rf4 67.
Kd3 Rf1 68.Bc3 1/2-1/2

[Event "20th Hoogeveen op"]
[Site "Hoogeveen NED"]
[Date "2016.10.17"]
[Round "3.33"]
[White "Den Dunnen, Lola"]
[Black "Cornelisse, Johnny JA"]
[Result "0-1"]
[WhiteElo "1890"]
[BlackElo "2131"]
[EventDate "2016.10.15"]
[PlyCount "120"]

1.d4 Nf6 2.c4 e6 3.Nc3 Bb4 4.e3 b6 5.Ne2 c5 6.a3 Ba5 7.Rb1 Na6 8.g3 Bb7 9.
d5 b5 10.Bg2 bxc4 11.O-O Qc8 12.Nb5 Bc7 13.e4 O-O 14.Bg5 Ng4 15.Be7 Re8 
16.Bd6 Bb8 17.h3 Nf6 18.Nec3 Nc7 19.Nxc7 Bxc7 20.e5 Bxd6 21.exd6 Qb8 22.
Nb5 Nxd5 23.Bxd5 Bxd5 24.Nc7 Qb7 25.Nxa8 Rxa8 26.f4 Qb6 27.f5 Qxd6 28.Qe1 
Rb8 29.f6 Ba8 30.Kh2 Rb3 31.Qf2 Rd3 32.Rbe1 Rf3 33.Qg2 Qc6 34.Rxf3 Qxf3 
35.Qxf3 Bxf3 36.Re3 Bd1 37.Re5 d6 38.Re1 Bb3 39.fxg7 Kxg7 40.Kg2 d5 41.Kf2
Kf6 42.Ke3 e5 43.Rf1+ Ke6 44.g4 d4+ 45.Ke4 Bc2+ 46.Kf3 e4+ 47.Kf4 e3 48.
Re1 Kd5 49.g5 Bg6 50.h4 a5 51.a4 Bc2 52.h5 Be4 53.Rd1 e2 54.Re1 Bd3 55.Rc1
Bc2 56.Re1 Bd1 57.Rg1 c3 58.bxc3 dxc3 59.Ke3 Kc4 60.Rh1 Kb3 0-1

[Event "20th Hoogeveen op"]
[Site "Hoogeveen NED"]
[Date "2016.10.18"]
[Round "4.19"]
[White "Bellia, Fabrizio"]
[Black "Fehr, Axel"]
[Result "1-0"]
[WhiteElo "2447"]
[BlackElo "2130"]
[EventDate "2016.10.15"]
[PlyCount "43"]

1.e4 c5 2.Nf3 d6 3.Bb5+ Nd7 4.O-O Nf6 5.Re1 e6 6.c3 a6 7.Ba4 b5 8.Bc2 e5 
9.d4 cxd4 10.cxd4 Be7 11.a4 bxa4 12.Bxa4 O-O 13.Bc6 Rb8 14.Nc3 Qc7 15.Bxd7
Nxd7 16.Nd5 Qd8 17.Bd2 Rb5 18.dxe5 dxe5 19.Ba5 Rxa5 20.Nxe7+ Kh8 21.Rxa5 
Qxa5 22.Nxc8 1-0

[Event "20th Hoogeveen op"]
[Site "Hoogeveen NED"]
[Date "2016.10.19"]
[Round "6.15"]
[White "Harsha, Bharathakoti"]
[Black "Vrolijk, Liam"]
[Result "1/2-1/2"]
[WhiteElo "2363"]
[BlackElo "2265"]
[EventDate "2016.10.15"]
[PlyCount "68"]

1.b3 e5 2.Bb2 Nc6 3.e3 Nf6 4.Bb5 Bd6 5.Na3 e4 6.Nc4 Be7 7.Bxc6 dxc6 8.Ne2 
O-O 9.O-O Bg4 10.Ne5 Bh5 11.Qe1 Bb4 12.Rd1 Nd5 13.c4 Ne7 14.f3 f6 15.Nf4 
fxe5 16.Nxh5 exf3 17.gxf3 Nf5 18.Bxe5 Qe8 19.e4 Qxe5 20.exf5 Qxf5 21.Ng3 
Qd3 22.Qe6+ Kh8 23.Qe3 Rad8 24.Ne4 b6 25.Qxd3 Rxd3 26.Kg2 h6 27.Rf2 a5 28.
Rc1 c5 29.Nc3 Bxc3 30.Rxc3 Rfd8 31.Rxd3 Rxd3 32.Kf1 Kg8 33.Ke2 Rd4 34.Ke3 
Kf7 1/2-1/2

[Event "20th Hoogeveen op"]
[Site "Hoogeveen NED"]
[Date "2016.10.21"]
[Round "8.26"]
[White "Harsha, Bharathakoti"]
[Black "Mijnheer, Peter"]
[Result "0-1"]
[WhiteElo "2363"]
[BlackElo "2137"]
[EventDate "2016.10.15"]
[PlyCount "94"]

1.d4 d5 2.c4 e6 3.Nf3 Nf6 4.g3 Be7 5.Bg2 O-O 6.O-O dxc4 7.Qc2 b5 8.a4 b4 
9.Ne5 Qxd4 10.Nxc4 c6 11.Nbd2 Ba6 12.b3 Nbd7 13.Bb2 Qc5 14.Rac1 Rac8 15.
Qb1 Qh5 16.Rfe1 Rfd8 17.Nf3 c5 18.a5 Nd5 19.e4 Nc3 20.Bxc3 bxc3 21.e5 Nb8 
22.Rxc3 Nc6 23.Nfd2 Nd4 24.Rce3 Rb8 25.Qa2 Nf5 26.Rc3 Nd4 27.Rce3 Nf5 28.
Rc3 Nd4 29.Bf1 Bb7 30.a6 Bd5 31.Rce3 Nf5 32.Rc3 Nd4 33.Qa5 Nc6 34.Qa1 Nd4 
35.Qd1 Qxd1 36.Rxd1 Bf3 37.Re1 Bd5 38.Bg2 Bxc4 39.bxc4 Rb2 40.Ne4 Ne2+ 41.
Kh1 Nxc3 42.Nxc3 Rdd2 43.Nb5 Rxf2 44.Bb7 Bg5 45.Kg1 Rfc2 46.Bf3 Ra2 47.Bb7
Be3+ 0-1

[Event "20th Hoogeveen op"]
[Site "Hoogeveen NED"]
[Date "2016.10.22"]
[Round "9.16"]
[White "Rathnakaran, Kantholi"]
[Black "Van Osch, Mees"]
[Result "1-0"]
[WhiteElo "2469"]
[BlackElo "2288"]
[EventDate "2016.10.15"]
[PlyCount "45"]

1.e4 e6 2.d4 d5 3.Nc3 Bb4 4.Ne2 dxe4 5.a3 Be7 6.Nxe4 Nf6 7.Nxf6+ Bxf6 8.
Qd3 O-O 9.Be3 b6 10.O-O-O Ba6 11.Qe4 Nd7 12.g4 Qc8 13.Rg1 c5 14.g5 Be7 15.
d5 Bb7 16.Nc3 Re8 17.Bb5 e5 18.Qg4 Rd8 19.d6 Bf8 20.g6 hxg6 21.Bc4 Nf6 22.
Qxg6 Rd7 23.Qxf6 1-0

[Event "20th Hoogeveen op"]
[Site "Hoogeveen NED"]
[Date "2016.10.22"]
[Round "9.23"]
[White "Van der Veen, Jan"]
[Black "Heemskerk, Wim"]
[Result "1/2-1/2"]
[WhiteElo "2059"]
[BlackElo "2243"]
[EventDate "2016.10.15"]
[PlyCount "30"]

1.e4 e6 2.d4 d5 3.Nc3 Bb4 4.exd5 exd5 5.Bd3 Nc6 6.Ne2 Nge7 7.O-O Bg4 8.f3 
Bh5 9.Nf4 Bg6 10.Nce2 Qd7 11.Nxg6 hxg6 12.Bf4 O-O-O 13.c3 Bd6 14.Qd2 Nf5 
15.Bxd6 Qxd6 1/2-1/2

[Event "20th Hoogeveen op"]
[Site "Hoogeveen NED"]
[Date "2016.10.22"]
[Round "9.35"]
[White "Bruggink, Tycho"]
[Black "De Vries, Bram"]
[Result "0-1"]
[WhiteElo "1895"]
[BlackElo "1984"]
[EventDate "2016.10.15"]
[PlyCount "106"]

1.e4 d6 2.d4 Nf6 3.Nc3 e5 4.dxe5 dxe5 5.Qxd8+ Kxd8 6.a3 Be6 7.Nf3 Bd6 8.
Bg5 a6 9.O-O-O Nd7 10.h3 Kc8 11.Be3 b5 12.Ng5 Re8 13.Nxe6 Rxe6 14.f3 Bc5 
15.Bxc5 Nxc5 16.Nd5 Nh5 17.Ne3 Ng3 18.Rg1 c6 19.Nf5 Nxf5 20.exf5 Re8 21.
Bd3 Kc7 22.Be4 Rad8 23.Rxd8 Rxd8 24.Rd1 Rxd1+ 25.Kxd1 Kd6 26.Kd2 f6 27.g3 
Kc7 28.b3 Kd6 29.Ke3 a5 30.Kd2 Na6 31.Kd3 Kc5 32.c3 Kb6 33.c4 Kc5 34.cxb5 
cxb5 35.g4 Nc7 36.Kc3 b4+ 37.axb4+ axb4+ 38.Kd2 Nb5 39.Bc2 Kd4 40.h4 h6 
41.Bd3 Nc3 42.Bc2 e4 43.fxe4 Nxe4+ 44.Ke2 Nd6 45.Kd2 Nf7 46.Bd3 Ne5 47.Be2
Ke4 48.Bd1 Kf4 49.g5 fxg5 50.hxg5 Kxg5 51.Bc2 Kf4 52.Ke2 Nf3 53.Kd3 Ne5+ 
0-1